[Event "TCh-BEL 2004-5"]
[Site "Belgium BEL"]
[Date "2005.01.16"]
[Round "7"]
[White "Van Mil,J"]
[Black "Rogers,I"]
[Result "1/2-1/2"]
[WhiteElo "2348"]
[BlackElo "2594"]

1.e4 c5 2.Nf3 Nc6 3.Bb5 g6 4.Bxc6 dxc6 5.d3 Bg7 6.Nc3 Nf6 7.Be3 b6 8.h3 O-O
9.Qd2 Ne8 10.Bh6 f6 11.e5 Be6 12.O-O-O Bxh6 13.Qxh6 Ng7 14.g4 Bd5 15.Ne4 Ne6
16.h4 Qe8 17.Rde1 Qf7 18.Rhg1 Qg7 19.Qe3 fxe5 20.Ned2 Nf4 21.Nxe5 Rac8 22.Nd7 Rf7
23.Ne5 Rff8 24.Nd7 Rf7 25.Ne5 Rff8  1/2-1/2

[Event "ch-Kiev"]
[Site "Kiev UKR"]
[Date "2005.01.17"]
[Round "3"]
[White "Dzhangirov,D"]
[Black "Pavlov,S2"]
[Result "1/2-1/2"]
[WhiteElo "2253"]
[BlackElo "2368"]

1.e4 c5 2.Nf3 Nc6 3.Bb5 Nf6 4.Bxc6 dxc6 5.d3 g6 6.Nc3 Bg7 7.h3 b6 8.Be3 h6
9.Qd2 Be6 10.a4 a5 11.d4 cxd4 12.Nxd4 Qd7 13.e5 Nd5 14.Nxe6 Qxe6 15.Nxd5 Qxd5
16.Qxd5 cxd5 17.f4 Rb8 18.Ke2 O-O 19.Ra3 Rfc8 20.Kd3 Rc4 21.Bd4 e6 22.Rha1 Bf8
23.Rc3 Rxc3+ 24.bxc3 Bc5 25.Rb1 Rc8 26.Bxc5 Rxc5 27.Rxb6 Rc4 28.g3 Kg7 29.Ra6 Rxa4
30.h4 g5 31.hxg5 hxg5 32.Ke3 Re4+ 33.Kf3 gxf4 34.gxf4 Rc4 35.Kg4 Kg6 36.Rxa5 Rxc3
37.Ra6 Rc4 38.Rb6 Kg7 39.Rb2 Rc3 40.Ra2 f6 41.Ra7+ Kg6 42.Ra6 Kf7 43.Ra7+ Kf8
44.exf6 Rxc2  1/2-1/2

[Event "Corus B"]
[Site "Wijk aan Zee NED"]
[Date "2005.01.18"]
[Round "4"]
[White "Smeets,J"]
[Black "Nijboer,F"]
[Result "1/2-1/2"]
[WhiteElo "2475"]
[BlackElo "2549"]

1.e4 c5 2.Nf3 Nc6 3.Bb5 e6 4.Bxc6 bxc6 5.d3 Ne7 6.Qe2 d5 7.c4 Ng6 8.O-O Bd6
9.exd5 cxd5 10.cxd5 O-O 11.dxe6 Bxe6 12.Nc3 Re8 13.Ng5 Bc4 14.Qh5 Bxd3 15.Qxh7+ Kf8
16.Rd1 Bc2 17.Rf1 Bd3 18.Rd1 Bc2  1/2-1/2

[Event "It"]
[Site "Chernigov UKR"]
[Date "2005.01.23"]
[Round "2"]
[White "Mihajlovskij,S"]
[Black "Krupko,A"]
[Result "1-0"]
[WhiteElo "2411"]
[BlackElo "2178"]

1.e4 c5 2.Nf3 Nc6 3.Bb5 g6 4.Bxc6 dxc6 5.d3 Bg7 6.O-O e5 7.Be3 b6 8.Nbd2 f6
9.a3 Ne7 10.b4 cxb4 11.axb4 Be6 12.Ra6 O-O 13.Qa1 Qb8 14.Qc3 Qb7 15.Rfa1 g5
16.Nc4 Ng6 17.Nd6 Qb8 18.Nf5 Qb7 19.Nxg7 Kxg7 20.Qa3 b5 21.Qc3 Rf7 22.Rxc6 Bg4
23.Rca6 Bxf3 24.gxf3 Rc7 25.Qxc7+  1-0

[Event "Zimski Winter Open"]
[Site "Belgrade SCG"]
[Date "2005.01.27"]
[Round "5"]
[White "Brakus,D"]
[Black "Rakocevic,Z"]
[Result "1-0"]
[WhiteElo "2059"]
[BlackElo "2146"]

1.e4 c5 2.Nf3 Nc6 3.Bb5 Qb6 4.Nc3 e6 5.O-O a6 6.Bxc6 Qxc6 7.d4 d5 8.exd5 exd5
9.dxc5 Be6 10.Re1 Bxc5 11.Qxd5 Ne7 12.Qxc6+ Nxc6 13.Ne4 Be7 14.Bg5 Nb4 15.Nd4 h6
16.Bxe7 Kxe7 17.Nc5 Kd6 18.Nxb7+ Kc7 19.Nc5 Bd5 20.a3 Nc6 21.Nxc6 Kxc6 22.Nd3 a5
23.Nf4 Rhd8 24.Rad1 Ra7 25.c4 Rad7 26.cxd5+ Kd6 27.b4 axb4 28.axb4 Rb8 29.Nd3 Rb5
30.Nc5 Rc7 31.Ne4+ Kd7 32.d6 Rxb4 33.dxc7+  1-0

[Event "Zimski Winter Open"]
[Site "Belgrade SCG"]
[Date "2005.01.27"]
[Round "5"]
[White "Nestorovic,L"]
[Black "Koprivica,C"]
[Result "1-0"]
[WhiteElo "1981"]
[BlackElo "2071"]

1.e4 c5 2.Nf3 Nc6 3.Bb5 g6 4.Bxc6 dxc6 5.d3 Bg7 6.Nc3 Nf6 7.O-O O-O 8.h3 Qc7
9.Nh2 b5 10.f4 b4 11.Ne2 Ba6 12.Ng3 c4 13.d4 c3 14.Rf2 cxb2 15.Bxb2 Rad8
16.Qe1 Qb6 17.c3 Rb8 18.Nf3 c5 19.d5 Bh6 20.Ne5 Qd6 21.Nc6 Bxf4 22.e5 Bxe5
23.Qxe5 Rb7 24.Qxd6 exd6 25.Rxf6  1-0

[Event "IMA1"]
[Site "Marianske Lazne CZE"]
[Date "2005.01.27"]
[Round "6"]
[White "Hasangatin,R"]
[Black "Furman,Bo"]
[Result "1-0"]
[WhiteElo "2353"]
[BlackElo "2346"]

1.e4 c5 2.Nf3 Nc6 3.Bb5 g6 4.O-O Bg7 5.c3 Nf6 6.Qa4 O-O 7.d4 cxd4 8.cxd4 d6
9.Nc3 Bd7 10.d5 Nb8 11.e5 dxe5 12.Nxe5 Bxb5 13.Qxb5 Qc7 14.Re1 Ne8 15.Bf4 Nd6
16.Qe2 Na6 17.Rac1 Rfe8 18.Nxf7 Kxf7 19.Qe6+ Kf8 20.Ne4  1-0

[Event "Club Championship"]
[Site "Sao Paulo BRA"]
[Date "2005.01.27"]
[Round "7"]
[White "Tsuboi,E"]
[Black "Crosa,M"]
[Result "1/2-1/2"]
[WhiteElo "2380"]
[BlackElo "2401"]

1.e4 c5 2.Nf3 Nc6 3.Bb5 g6 4.O-O Bg7 5.Re1 Nf6 6.e5 Nd5 7.Nc3 Nc7 8.Bxc6 dxc6
9.Ne4 b6 10.d3 O-O 11.h3 Ne6 12.Neg5 Nd4 13.Bf4 Qd5 14.c4 Qd8 15.Nxd4 Qxd4
16.Re4 Qxb2 17.Rb1 Qa3 18.e6 Bxe6 19.Qe2 Rad8 20.Rxe6 fxe6 21.Qxe6+ Kh8 22.Be5 Qxd3
23.Qxe7 Qxb1+ 24.Kh2 Bxe5+ 25.Qxe5+ Kg8 26.Qe7 Rxf2 27.Qxh7+ Kf8 28.Ne6+ Ke8
29.Nc7+ Kf8 30.Ne6+  1/2-1/2

[Event "Zimski Winter Open"]
[Site "Belgrade SCG"]
[Date "2005.01.28"]
[Round "6"]
[White "Popovic,Pr"]
[Black "Mihajlovic,M"]
[Result "0-1"]
[WhiteElo "2102"]
[BlackElo "2247"]

1.e4 c5 2.Nf3 Nc6 3.Bb5 Na5 4.c3 a6 5.Ba4 b5 6.Bc2 Bb7 7.d4 cxd4 8.Nxd4 e6
9.O-O Qc7 10.Nd2 Nf6 11.Re1 h5 12.N2f3 Nc4 13.a4 b4 14.b3 Na5 15.c4 Nc6 16.e5 Nxd4
17.Nxd4 Ng4 18.Bf4 Bc5 19.h3 Qb6 20.a5 Qa7 21.hxg4 Bxd4 22.Be3 Bxe3 23.Rxe3 hxg4
24.Qxg4 O-O-O 25.Rd1 f5 26.Qd4 Qxd4 27.Rxd4 g5 28.c5 f4 29.Red3 Rh4 30.f3 Bc6
31.Rd1 Rdh8 32.Kf2 g4 33.Rxf4 gxf3 34.Rxh4 Rxh4 35.Kg3 Rh5 36.gxf3 Rxe5 37.Rd4 Rxc5
38.Bd3 Rxa5 39.Rxb4 Kc7 40.Kf4 e5+ 41.Ke3 Ra3 42.Bc2 a5 43.Rc4 d5  0-1

[Event "IMA2"]
[Site "Marianske Lazne CZE"]
[Date "2005.01.28"]
[Round "7"]
[White "Sarbok,T"]
[Black "Holemar,D"]
[Result "1-0"]
[WhiteElo "2362"]
[BlackElo "2305"]

1.e4 c5 2.Nf3 Nc6 3.Bb5 Na5 4.c3 a6 5.Ba4 e6 6.O-O Nf6 7.Re1 b5 8.Bc2 Bb7
9.d3 Qc7 10.Nbd2 Be7 11.Nf1 h6 12.Ng3 d5 13.e5 Nd7 14.d4 b4 15.cxb4 cxb4
16.b3 Rc8 17.Bd3 Qb6 18.Be3 Nc6 19.Rc1 Na7 20.Rxc8+ Bxc8 21.Qd2 Nb8 22.Rc1 Bd7
23.Nh5 Bf8 24.Nf4 Be7 25.h4 Bb5 26.Bb1 Kd7 27.Nh5 Bf8 28.Ne1 a5 29.Nd3 Bxd3
30.Bxd3 Nbc6 31.Qe2 Kd8 32.Qf3 Qb7 33.Qg4 g6 34.Qf3 Qe7 35.Nf6 Qb7 36.h5 g5
37.Ng4 Bg7 38.Rc5 Kd7 39.Qe2 Qb6 40.Qc2 Rc8 41.Bf1 Qd8 42.Ba6 Rc7 43.Qh7 Qf8
44.f4 gxf4 45.Bxf4 Nd8 46.Bxh6 Bxh6 47.Qxh6 Qg8 48.Nf6+  1-0

[Event "13th Fajr Open"]
[Site "Tehran IRI"]
[Date "2005.01.31"]
[Round "7"]
[White "Ardeshi,M"]
[Black "Mallahi,A"]
[Result "1/2-1/2"]
[WhiteElo "2254"]
[BlackElo "2420"]

1.e4 c5 2.Nf3 Nc6 3.Bb5 g6 4.Bxc6 dxc6 5.d3 Bg7 6.Nc3 Nf6 7.h3 e5 8.Be3 Qd6
9.Qd2 O-O 10.Bh6 b5 11.Bxg7 Kxg7 12.g4 Re8 13.Qe3 a5 14.a4 Bd7 15.Nd2 h5
16.f3 Qd4 17.Ke2 b4 18.Nd1 Be6 19.c3 Qd6 20.c4 Rh8 21.Nf2 Qd4 22.Rab1 Nd7
23.Nb3 Qd6 24.Rbg1 Qf8 25.f4 exf4 26.Qxf4 hxg4 27.hxg4 Qb8 28.Qxb8 Rhxb8
29.g5 Re8 30.Rh4 Rh8 31.Rgh1 Rxh4 32.Rxh4 f6 33.gxf6+ Kxf6 34.Ke3 Kg7 35.Nh3 Bxh3
36.Rxh3 g5 37.Rf3 Rh8 38.Nxa5 g4 39.Rf5 Rh3+ 40.Kf4 Nf6 41.Rg5+ Kh6 42.Rxg4 Nxg4
43.Kxg4 Rxd3 44.Kf5 Kg7 45.Ke6 Kf8 46.e5 Rd7 47.b3 Rd3 48.Kf6 Ke8 49.Ke6 Kd8
50.Nb7+ Kc7 51.Nxc5 Rh3 52.a5 Rh6+ 53.Kf7 Rh7+ 54.Kf6 Rh6+ 55.Kg5 Rh3 56.Kg4 Re3
57.Kf5 Rh3 58.Kf6 Rh6+ 59.Kg7 Rh3 60.e6 Kd6 61.a6 Rg3+ 62.Kf7 Rf3+ 63.Kg7 Rg3+
64.Kf7 Rf3+ 65.Kg7 Rg3+ 66.Kf7 Rf3+  1/2-1/2

[Event "Oceania zt"]
[Site "Auckland NZL"]
[Date "2005.02.02"]
[Round "6"]
[White "Kulashko,A"]
[Black "Nokes,R"]
[Result "0-1"]
[WhiteElo "2377"]
[BlackElo "2329"]

1.e4 c5 2.Nf3 Nc6 3.Bb5 g6 4.Bxc6 dxc6 5.d3 Bg7 6.h3 Nf6 7.Nc3 Nd7 8.Be3 e5
9.Qd2 Qe7 10.Bg5 f6 11.Bh6 Bxh6 12.Qxh6 Nf8 13.Nh2 Ne6 14.Ne2 Nd4 15.Qd2 Be6
16.b3 O-O-O 17.O-O g5 18.Ng3 h5 19.c3 Nb5 20.Qe3 Kb8 21.a4 Nc7 22.Rab1 h4
23.Ne2 f5 24.b4 cxb4 25.Rxb4 Na6 26.Rb2 f4 27.Qf3 Nc5 28.d4 Nxa4 29.Rb4 Nb6
30.Rfb1 c5 31.Rxb6 axb6 32.d5 Bc8 33.c4 Kc7 34.Qb3 Rd6 35.f3 Bd7 36.Ra1 Rc8
37.Nc3 Kd8 38.Ra7 Rb8 39.Qb2 Ke8 40.Kf2 Kf7 41.Ke2 Qe8 42.Kd3 b5 43.cxb5 c4+
44.Kxc4 Ra8 45.Qa3 Ra6 46.Rxa6 bxa6 47.b6 Qc8+ 48.Qc5 a5 49.Nb5 Bxb5+ 50.Kxb5 Qa6+
51.Ka4 Rc8 52.Qxc8 Qxc8 53.Kxa5 Ke7 54.Ng4 Kd6 55.Kb5 Qe8+ 56.Kb4 Qa8 57.Kb5 Qe8+
58.Kb4 Qa8 59.Kb5 Qa1 60.Nf6 Qb2+ 61.Ka6 Qa3+ 62.Kb7 Qa4 63.Kb8 Ke7 64.Ng4 Qe8+
65.Ka7 Qa4+ 66.Kb8 Qe8+ 67.Ka7 Kd6 68.Nf6 Qa4+ 69.Kb7 Qb5 70.Ka7 Kc5 71.b7 Qa4+
72.Kb8 Kb6 73.d6 Qa7+ 74.Kc8 Qxb7+ 75.Kd8 Qf7 76.Nd7+ Kb7 77.Nc5+ Kc6  0-1

[Event "FINEC WGM"]
[Site "St Petersburg RUS"]
[Date "2005.02.03"]
[Round "8"]
[White "Molchanova,T"]
[Black "Kochetkova,J"]
[Result "0-1"]
[WhiteElo "2297"]
[BlackElo "2303"]

1.e4 c5 2.Nf3 Nc6 3.Bb5 e6 4.O-O Nge7 5.Nc3 a6 6.Bxc6 Nxc6 7.d4 cxd4 8.Nxd4 d6
9.Nxc6 bxc6 10.Qg4 Rb8 11.b3 h5 12.Qg3 h4 13.Qd3 h3 14.g3 Be7 15.Bb2 O-O
16.Rad1 Qc7 17.Ne2 e5 18.f4 Bg4 19.c4 Rbd8 20.Rd2 d5 21.Qe3 dxc4 22.fxe5 Rxd2
23.Qxd2 Rd8 24.Nd4 Bc5 25.Qf4 Be2 26.Rf2 Rxd4 27.Bxd4 Bxd4 28.Qd2 Bxf2+ 29.Kxf2 Bd3  0-1

[Event "XII TCh-RUS 1st League"]
[Site "Smolensk RUS"]
[Date "2005.02.04"]
[Round "3"]
[White "Kalugin,S"]
[Black "Shalimov,V UKR"]
[Result "1-0"]
[WhiteElo "2454"]
[BlackElo "2445"]

1.e4 c5 2.Nf3 Nc6 3.Bb5 g6 4.Bxc6 dxc6 5.d3 Bg7 6.O-O Nf6 7.h3 O-O 8.Nc3 Nd7
9.Be3 e5 10.Qd2 f6 11.a3 a5 12.Na4 Qe7 13.Qc3 Rf7 14.Nxc5 Bf8 15.b4 a4 16.Nxd7 Bxd7
17.Bc5 Qe8 18.Bxf8 Qxf8 19.d4 exd4 20.Qxd4 c5 21.bxc5 Rc8 22.Rfb1 Be8 23.e5 Qxc5
24.e6 Rg7 25.Qxf6 Bc6 26.Rd1 Rf8 27.Qe5 Qxc2 28.e7 Re8 29.Qe6+ Rf7 30.Rd8 Kg7
31.Rxe8 Bxe8 32.Qe5+ Kg8 33.Re1 Qc8 34.Qd6 Qc6 35.Qd8 Rf6 36.Nd4  1-0

[Event "ch-FRA Top 16 GpA"]
[Site "Mulhouse FRA"]
[Date "2005.02.06"]
[Round "3"]
[White "Fressinet,L"]
[Black "Oudot,J"]
[Result "1-0"]
[WhiteElo "2638"]
[BlackElo "2142"]

1.e4 c5 2.Nf3 Nc6 3.Bb5 e6 4.Bxc6 bxc6 5.d3 Ne7 6.Qe2 Ng6 7.h4 h5 8.e5 Be7
9.Qe4 d5 10.exd6 Qxd6 11.Bg5 Rb8 12.Nbd2 Qd5 13.Bxe7 Nxe7 14.Qe5 Rb4 15.Ne4 Nf5
16.b3 f6 17.Qxd5 cxd5 18.Nxc5 Ke7 19.c3 Rg4 20.g3 Kd6 21.b4 e5 22.O-O-O Bd7
23.Rhe1 Rc8 24.d4 e4 25.Nh2 Rg6 26.Nf1 e3 27.Nxe3 Nxe3 28.Rxe3  1-0

[Event "ch-FRA Top 16 GpA"]
[Site "Mulhouse FRA"]
[Date "2005.02.06"]
[Round "3"]
[White "Riff,JN"]
[Black "Mensch,E"]
[Result "1-0"]
[WhiteElo "2435"]
[BlackElo "2360"]

1.e4 c5 2.Nf3 Nc6 3.Bb5 g6 4.O-O Bg7 5.c3 Nf6 6.Qa4 O-O 7.d4 cxd4 8.cxd4 d6
9.Nc3 Bd7 10.d5 Nb8 11.Be3 a6 12.Bxd7 Nbxd7 13.Qb4 Ng4 14.Bd4 Bxd4 15.Qxd4 Qb6
16.Qxb6 Nxb6 17.Rfc1 Rfc8 18.Nd1 Nf6 19.Nd2 Kf8 20.f3 Ke8 21.Nf2 Kd7 22.Nd3 Rxc1+
23.Rxc1 Rc8 24.Rxc8 Kxc8 25.Kf2 e6 26.dxe6 fxe6 27.Ke3 Kd7 28.e5 Ne8 29.Ne4 dxe5
30.Nxe5+ Ke7 31.Kd4 Nc7 32.Ng5 Nb5+ 33.Kc5 Na4+ 34.Kb4 Nxb2 35.Nxh7 Kd6 36.Nxg6 Nd3+
37.Kc4 Nb2+ 38.Kb3 Nd3 39.Ng5 Nc1+ 40.Kc4 Nxa2 41.h4 e5 42.h5 Nd4 43.h6 b5+
44.Kd3 Nb4+ 45.Kd2  1-0

[Event "FSGM February"]
[Site "Budapest HUN"]
[Date "2005.02.07"]
[Round "3"]
[White "Thinius,M"]
[Black "Paschall,W"]
[Result "0-1"]
[WhiteElo "2384"]
[BlackElo "2403"]

1.e4 c5 2.Nf3 Nc6 3.Bb5 d6 4.O-O Bd7 5.Re1 Nf6 6.c3 a6 7.Ba4 c4 8.d4 cxd3
9.Bg5 e6 10.Qxd3 Be7 11.c4 Ne5 12.Nxe5 Bxa4 13.Nf3 O-O 14.Nc3 Bc6 15.Rad1 Qc7
16.Nd4 Rfd8 17.Rc1 Ng4 18.Bxe7 Qxe7 19.Qg3 Ne5 20.b3 Qf6 21.Rcd1 g5 22.Rd2 Rd7
23.Red1 Rad8 24.h4 h6 25.hxg5 hxg5 26.Nde2 Kf8 27.f4 gxf4 28.Nxf4 Qh6 29.Rf2 Ke7
30.Nh3 b6 31.Rdf1 Rh8 32.Rf6 Qh4 33.Qg7 Kd8 34.R6f4 Qh6 35.Qg3 Kc7 36.Ng5 Kb7
37.Nh3 f5 38.Qg5 Qf8 39.Rh4 Rg8 40.Qh6 Rdg7 41.Nf4 fxe4 42.Qxe6 Nf3+ 43.Rxf3 exf3
44.Ncd5 Qd8 45.Rh6 fxg2 46.Rf6 Re8 47.Rf7+ Rxf7 48.Qxf7+ Qd7 49.Qf6 Re5 50.Kxg2 Rf5
51.Qd4 Qd8 52.Kf3 Bxd5+ 53.cxd5 Qg5 54.Qc4 Qh5+ 55.Ke3 Re5+ 56.Kd2 Qh2+ 57.Kc3 Qg3+
58.Nd3 Re7 59.Qc6+ Ka7 60.a4 Qg7+ 61.Kb4 Re4+  0-1

[Event "Summer Open"]
[Site "Posadas ARG"]
[Date "2005.02.07"]
[Round "5"]
[White "Mazziotti Irigoyen,G"]
[Black "Tossutti,J"]
[Result "1-0"]
[WhiteElo "2277"]
[BlackElo "2205"]

1.e4 c5 2.Nf3 Nc6 3.Bb5 e6 4.O-O Nge7 5.Re1 a6 6.Bf1 d5 7.exd5 Nxd5 8.Nc3 Nxc3
9.bxc3 Bd6 10.d4 O-O 11.Bd3 cxd4 12.cxd4 h6 13.c3 Re8 14.Ne5 Nxe5 15.dxe5 Bf8
16.Re3 f5 17.exf6 Qxf6 18.Qh5 Rd8 19.Rf3 g6 20.Qa5 Qxf3 21.gxf3 Rxd3 22.Qa4 b5
23.Qe4 Rd1+ 24.Kg2 Ra7 25.Be3 Rxa1 26.Bxa7 Kf7 27.Qf4+ Ke8 28.Qc7 Bd7 29.Qb8+ Kf7
30.Qd8 Rd1 31.Bd4  1-0

[Event "XII TCh-RUS 1st League"]
[Site "Smolensk RUS"]
[Date "2005.02.08"]
[Round "7"]
[White "Olenin,N"]
[Black "Prudnikova,E"]
[Result "1/2-1/2"]
[WhiteElo "2392"]
[BlackElo "2130"]

1.e4 c5 2.Nf3 Nc6 3.Bb5 g6 4.Bxc6 dxc6 5.d3 Bg7 6.O-O Nf6 7.h3 O-O 8.Be3 c4
9.Nc3 cxd3 10.cxd3 e5 11.Qd2 Re8 12.Rad1 Qe7 13.Bh6 c5 14.Bxg7 Kxg7 15.Nh2 Nh5
16.Nd5 Qd6 17.f4 Nxf4 18.Nxf4 exf4 19.Rxf4 Be6 20.Nf3 b5 21.Kh1 h6 22.Rh4 Rh8
23.d4 cxd4 24.e5 Qc5 25.Rxd4 Rac8 26.b3 Qc2 27.Qf4 Qf5 28.Qe3 g5 29.Rd6 Rhe8
30.Nd4 Qf4 31.Qxf4 gxf4 32.Nxb5 Rc5 33.Nd4 Rxe5 34.Nf3 Re3 35.Rf1 Kg6  1/2-1/2

[Event "XII TCh-RUS 1st League"]
[Site "Smolensk RUS"]
[Date "2005.02.08"]
[Round "7"]
[White "Aleshin,O"]
[Black "Shalimov,V UKR"]
[Result "0-1"]
[WhiteElo "2423"]
[BlackElo "2445"]

1.e4 c5 2.Nf3 Nc6 3.Bb5 g6 4.O-O Bg7 5.c3 Nf6 6.Qa4 a6 7.Bxc6 dxc6 8.e5 Nd5
9.Re1 Bf5 10.Qh4 e6 11.Qg3 Bd3 12.Ng5 Ne7 13.Ne4 Nf5 14.Qf3 Qd5 15.Nxc5 Qxf3
16.gxf3 O-O-O 17.Kg2 Rd5 18.b4 Rhd8 19.f4 Bh6 20.Kf3 b6 21.Na4 Kc7 22.Na3 Ng7
23.Bb2 Bb5 24.Nxb6 Rd3+ 25.Ke4 Kxb6 26.c4 Ba4 27.c5+ Kc7 28.Bc3 Nf5 29.b5 cxb5
30.Ba5+ Kc6 31.Bxd8 Rxd8 32.d4 Bxf4 33.Re2 g5 34.h3 Ng7 35.Nc2 Bxc2+ 36.Rxc2 Nf5
37.Rd1 Rd5 38.Rd3 a5 39.Rb2 b4  0-1

[Event "FSIMA February"]
[Site "Budapest HUN"]
[Date "2005.02.10"]
[Round "6"]
[White "Caruana,F"]
[Black "Valet,R"]
[Result "1-0"]
[WhiteElo "2219"]
[BlackElo "2082"]

1.e4 c5 2.Nf3 Nc6 3.Bb5 g6 4.Bxc6 dxc6 5.d3 Bg7 6.h3 Nf6 7.O-O Nd7 8.Nc3 e5
9.Be3 Qe7 10.Qd2 h6 11.Ne2 Nf8 12.Nh2 Ne6 13.Rab1 b6 14.f4 exf4 15.Nxf4 Nxf4
16.Bxf4 Be6 17.b3 Qd7 18.Nf3 g5 19.Bg3 g4 20.hxg4 Bxg4 21.Qf4 Bxf3 22.Rxf3 Bd4+
23.Kh2 Rg8 24.Rbf1 Rg7 25.Qh4 Kf8 26.Qxh6 Kg8 27.Rf5 Rh7 28.Qxh7+ Kxh7 29.Rxf7+ Qxf7
30.Rxf7+ Kg6 31.Rf4 Rh8+ 32.Rh4  1-0

[Event "5th It"]
[Site "Pulvermuehle GER"]
[Date "2005.02.10"]
[Round "8"]
[White "Heinz,A"]
[Black "Reinderman,D"]
[Result "1-0"]
[WhiteElo "2317"]
[BlackElo "2517"]

1.e4 c5 2.Nf3 Nc6 3.Bb5 g6 4.Bxc6 dxc6 5.d3 Bg7 6.h3 Nf6 7.O-O Nd7 8.Nc3 e5
9.Bg5 f6 10.Be3 Qe7 11.Nd2 Nf8 12.a3 b6 13.Qb1 Ne6 14.b4 O-O 15.bxc5 f5 16.f3 f4
17.Bf2 Nxc5 18.Qb4 Qg5 19.h4 Qh5 20.Bxc5 bxc5 21.Qxc5 Qxh4 22.Rab1 Rf6 23.Nd5 Bf8
24.Nxf6+ Qxf6 25.Qa5 Be6 26.Rb7 g5 27.Rfb1 h5 28.Rb8 Rxb8 29.Rxb8 g4 30.Qxa7 g3
31.a4 h4 32.a5 h3 33.gxh3 Bxh3 34.Qc5 Qh6 35.Qxf8+ Qxf8 36.Rxf8+ Kxf8 37.Nb3 Bc8
38.Nc5 Ke7 39.a6 Bxa6 40.Nxa6 Kd6 41.Nb4 Kc5 42.c3 Kb5 43.Nc2  1-0

[Event "Open"]
[Site "Bermuda BER"]
[Date "2005.02.11"]
[Round "2"]
[White "Vescovi,G"]
[Black "Strenzwilk,D"]
[Result "1-0"]
[WhiteElo "2645"]
[BlackElo "2110"]

1.e4 c5 2.Nf3 Nc6 3.Bb5 e6 4.Bxc6 bxc6 5.d3 d6 6.e5 dxe5 7.Nxe5 Qd5 8.Nf3 Nf6
9.O-O Be7 10.Nc3 Qd8 11.b3 O-O 12.Ba3 a5 13.Na4 Nd7 14.Qe2 c4 15.Bxe7 cxd3
16.Qxd3 Qxe7 17.Qe3 Bb7 18.Rad1 c5 19.Ne5 Nxe5 20.Qxe5 Rac8 21.Rd6 Rc7 22.c4 f6
23.Qxe6+ Qxe6 24.Rxe6 Rd8 25.Rfe1 Kf7 26.R6e2 Rd3 27.f3 h5 28.Kf2 g5 29.Nxc5 Rxc5
30.Re7+ Kg6 31.Rxb7 a4 32.Re3 Rd2+ 33.Re2 Rd3 34.Rc2 g4 35.b4 Rf5 36.Re7 gxf3
37.g3 Rd1 38.Re1 Rd4 39.c5 Rxb4 40.c6 Rb8 41.c7 Rc8 42.Rd1 Ra5 43.Rd8 Raa8
44.Rxc8 Rxc8 45.Kxf3 Kf5 46.Rc5+ Ke6 47.Ke4 Kd6 48.Kd4 a3 49.Kc4 f5 50.Kb4 Rxc7
51.Rxc7 Kxc7 52.Kxa3 Kd6 53.Kb3 Ke5 54.a4 f4 55.gxf4+ Kxf4 56.a5  1-0

[Event "XII TCh-RUS 1st League"]
[Site "Smolensk RUS"]
[Date "2005.02.11"]
[Round "10"]
[White "Newerovski,G"]
[Black "Potapov,Alexe"]
[Result "1-0"]
[WhiteElo "2321"]
[BlackElo "2136"]

1.e4 c5 2.Nf3 Nc6 3.Bb5 g6 4.O-O Bg7 5.Bxc6 bxc6 6.Re1 d5 7.Nc3 e6 8.d3 Ne7
9.Na4 c4 10.dxc4 Qa5 11.b3 dxc4 12.Bb2 Bxb2 13.Nxb2 cxb3 14.Nc4 Qc7 15.Nd6+ Kf8
16.Qd4 Rg8 17.axb3 c5 18.Qe5 Rg7 19.Qxg7+  1-0

[Event "Mayor de Chile"]
[Site "Santiago CHI"]
[Date "2005.02.15"]
[Round "2"]
[White "Arancibia,E"]
[Black "Troncoso,P"]
[Result "1-0"]
[WhiteElo "2364"]
[BlackElo "2162"]

1.e4 c5 2.Nf3 Nc6 3.Bb5 e6 4.O-O Nge7 5.c3 d6 6.d4 cxd4 7.cxd4 d5 8.e5 Ng6
9.Nc3 Be7 10.g3 Bd7 11.h4 Nb8 12.Bd3 Bc6 13.h5 Nf8 14.Nh2 f5 15.exf6 gxf6
16.Re1 Rg8 17.Bh6 Qd6 18.Bxf8 Kxf8 19.Bxh7 Rg7 20.Bg6 Na6 21.a3 Nc7 22.Ng4 Be8
23.Bxe8 Rxe8 24.Qf3 Kg8 25.Kg2 Rf8 26.Rad1 Kh8 27.Ne3 f5 28.Nf1 Rfg8 29.Ne2 Bg5
30.Nh2 Ne8 31.Qd3 Nf6 32.Nf3 Bh6 33.Ne5 Ng4 34.Ng6+ Kh7 35.Nef4 Bxf4 36.Nxf4 Nh6
37.Nxe6 Rg4 38.Nc5 b6 39.Re6 Qc7 40.Rde1 R8g7 41.Rxh6+ Kxh6 42.Ne6 Qf7 43.Nxg7 Kxg7
44.Re5 Re4 45.Rxe4 dxe4 46.Qe2 Kh6 47.g4 Qd5 48.Qe3+ Kh7 49.g5 f4 50.Qxf4 e3+
51.f3 Qb3 52.g6+ Kg7 53.Qf7+  1-0

[Event "71st ch-BRA"]
[Site "Sao Paulo BRA"]
[Date "2005.02.15"]
[Round "2"]
[White "Marra,E"]
[Black "Galati,M"]
[Result "0-1"]
[WhiteElo "2261"]
[BlackElo "2195"]

1.e4 c5 2.Nf3 Nc6 3.Bb5 g6 4.O-O Bg7 5.c3 e5 6.d3 Nge7 7.Be3 d6 8.d4 cxd4
9.cxd4 O-O 10.Nc3 Bg4 11.dxe5 dxe5 12.h3 Bxf3 13.Qxf3 Nd4 14.Qd1 Qb6 15.Rb1 Rad8
16.Bc4 Qb4 17.Bd5 Nec6 18.a3 Qd6 19.b4 Rc8 20.Rc1 Kh8 21.Qa4 a6 22.Kh2 f5
23.b5 axb5 24.Nxb5 Qe7 25.Nxd4 exd4 26.Bd2 fxe4 27.Kg1 e3 28.fxe3 dxe3 29.Rxf8+ Rxf8
30.Bb4 Nxb4 31.Qxb4 Qf6 32.Bf3 Qe5 33.Qxb7 Qg3 34.Qe4 Rd8 35.Rd1 Rxd1+ 36.Bxd1 Be5
37.Qa8+ Kg7 38.Qb7+ Kh6 39.Qb2  0-1

[Event "71st ch-BRA"]
[Site "Sao Paulo BRA"]
[Date "2005.02.15"]
[Round "2"]
[White "Da Silva,A"]
[Black "Chemin,V"]
[Result "1-0"]
[WhiteElo "2204"]
[BlackElo "2363"]

1.e4 c5 2.Nf3 Nc6 3.Bb5 e6 4.Bxc6 bxc6 5.O-O d5 6.d3 Nf6 7.Nc3 Be7 8.Ne5 Qc7
9.f4 O-O 10.Qe2 a5 11.b3 Nd7 12.Nxd7 Qxd7 13.Bb2 Ba6 14.Rf3 c4 15.dxc4 dxc4
16.Rh3 g6 17.Qf3 Qd2 18.Na4 f6 19.f5 exf5 20.exf5 Qxc2 21.fxg6 hxg6 22.Qxc6 Qf5
23.Rf1 Bb5 24.Qc7 Qe6 25.Qg3 g5 26.Qxg5+  1-0

[Event "GM"]
[Site "Nancy FRA"]
[Date "2005.02.17"]
[Round "5"]
[White "Wirig,A"]
[Black "Miladinovic,I"]
[Result "1-0"]
[WhiteElo "2396"]
[BlackElo "2611"]

1.e4 c5 2.Nf3 Nc6 3.Bb5 e6 4.O-O Nge7 5.Re1 Nd4 6.Nxd4 cxd4 7.d3 a6 8.Ba4 Nc6
9.Nd2 b5 10.Bb3 Bb4 11.a3 Ba5 12.Bd5 O-O 13.Bxc6 dxc6 14.b4 Bc7 15.Nb3 e5
16.Bb2 f5 17.f3 f4 18.c3 dxc3 19.Bxc3 Rf6 20.Re2 Rh6 21.Be1 Bb6+ 22.Bf2 Bxf2+
23.Rxf2 Qh4 24.h3 Ra7 25.Kf1 Rd7 26.Nc5 Rd4 27.Qb3+ Kf8 28.Qc3 Rhd6 29.Rd1 Be6
30.Ke1 Qe7 31.Nxa6 g5 32.Nc5 h5 33.Rdd2 Bf7 34.Kd1 g4 35.hxg4 hxg4 36.Kc2 g3
37.Rf1 Rh6 38.Qa1 Rh2 39.Kb2 Qd6 40.Rfd1 Bg8 41.Qc1 Kg7 42.Qc3 Qe7 43.Rc1 Rh6
44.Nb3 Rd8 45.d4 Rhd6 46.dxe5 Rxd2+ 47.Nxd2 Qe6 48.Nb3 Rd4 49.Rc2 Rc4 50.Nd4 Qe8
51.Nf5+ Kg6 52.Nd6 Rxc3 53.Nxe8 Rb3+ 54.Kc1 Rxa3 55.Rxc6+ Kg5 56.Rc2 Ra1+
57.Kd2 Bb3 58.Rc7 Rg1 59.Rg7+ Kh6 60.Kc3 Bc4 61.Rg4 Rxg2 62.Rxf4 Rh2 63.Rg4 g2
64.Nd6 Rh3 65.Nxc4 Rxf3+ 66.Kd4 bxc4 67.Rxg2  1-0

[Event "71st ch-BRA"]
[Site "Sao Paulo BRA"]
[Date "2005.02.17"]
[Round "5"]
[White "Lima,Da"]
[Black "Fier,A"]
[Result "1-0"]
[WhiteElo "2529"]
[BlackElo "2489"]

1.e4 c5 2.Nf3 Nc6 3.Bb5 g6 4.O-O Bg7 5.d3 e5 6.Bxc6 dxc6 7.Be3 Qe7 8.h3 Nf6
9.Qd2 Nd7 10.Bh6 O-O 11.Bxg7 Kxg7 12.Na3 b6 13.Nc4 a5 14.a4 Ba6 15.b3 Bxc4
16.bxc4 h6 17.Nh2 f5 18.exf5 gxf5 19.f4 e4 20.dxe4 fxe4 21.Ng4 Rad8 22.Ne3 Kh7
23.Qe2 Nf6 24.g4 Qe6 25.Rab1 Rd4 26.Rxb6 Rfd8 27.Rb7+ R8d7 28.Rfb1 Qf7 29.Rxd7 Qxd7
30.Qe1 Qc7 31.Qf2 Nd7 32.Nf5 Nf6 33.Nxd4 cxd4 34.Qxd4 Qxf4 35.Qf2 Qd6 36.c5 Qe7
37.Re1 Kg7 38.Qd4 Qc7 39.Kg2 Kg6 40.Rf1 Nd5 41.Qxe4+ Kg7 42.Qd4+ Kg6 43.c4  1-0

[Event "XI Open"]
[Site "Coria del Rio BRA"]
[Date "2005.02.18"]
[Round "9"]
[White "Perez,Rod"]
[Black "Cheparinov,I"]
[Result "1/2-1/2"]
[WhiteElo "2430"]
[BlackElo "2572"]

1.e4 c5 2.Nf3 Nc6 3.Bb5 g6 4.O-O Bg7 5.Re1 e5 6.Bxc6 dxc6 7.d3 Qe7 8.Nbd2 Nf6
9.Nc4 Nd7 10.a4 a5 11.Be3 b6 12.Qc1 Ba6 13.Bh6 Bxh6 14.Qxh6 Bxc4 15.dxc4 f6
16.Rad1 O-O-O 17.Re3 Rhe8 18.Red3 Nf8 19.Rxd8+ Rxd8 20.Rxd8+ Kxd8 21.g3 Ke8
22.Kg2 Ne6 23.Qd2 Nd4 24.c3 Ne6 25.Nh4 Ng5 26.Qd3 Qd7 27.Qe2 Qe7 28.Kg1 Qe6
29.Ng2 Qd7 30.Ne1 Nf7 31.Kg2 Nd6 32.h3 Qe6 33.b3 Nf7 34.Nf3 Kf8 35.Qe3 Kg8  1/2-1/2

[Event "GM"]
[Site "Nancy FRA"]
[Date "2005.02.18"]
[Round "7"]
[White "Rocha,S"]
[Black "Bauer,Ch"]
[Result "0-1"]
[WhiteElo "2400"]
[BlackElo "2636"]

1.e4 c5 2.Nf3 Nc6 3.Bb5 Na5 4.Be2 d6 5.d4 cxd4 6.Nxd4 Nf6 7.Nc3 e6 8.O-O Be7
9.f4 O-O 10.Kh1 Nd7 11.Be3 a6 12.Qe1 Bh4 13.Qd2 Qc7 14.f5 Ne5 15.Bg5 Bxg5
16.Qxg5 f6 17.Qg3 Qf7 18.Rad1 Kh8 19.Rf4 Bd7 20.Rh4 g5 21.Rh6 exf5 22.exf5 Qg7
23.Rh3 Nac6 24.Qf2 Rad8 25.Nd5 Nxd4 26.Rxd4 Bc6 27.Re3 Qf7 28.c4 b5 29.b3 Qa7
30.Rd1 bxc4 31.bxc4 Rb8 32.Qg3 Bxd5 33.cxd5 Rb2 34.a3 Rfb8 35.h3 Rb1 36.Kh2 a5
37.Rxb1 Rxb1 38.a4 Qd4 39.Bb5 Qa1 40.Qf2 Rh1+ 41.Kg3 Qd4 42.Rxe5 Qh4+ 43.Kf3 Qf4+
44.Ke2 Qxe5+ 45.Kd3 Qxd5+ 46.Kc3 Rc1+ 47.Kb2 Rc5  0-1

[Event "III Festival Olimpico"]
[Site "Salinas ECU"]
[Date "2005.02.18"]
[Round "3"]
[White "Ricaurte Lopez,J"]
[Black "Mieles Palau,D"]
[Result "1/2-1/2"]
[WhiteElo "2333"]
[BlackElo "2444"]

1.e4 c5 2.Nf3 Nc6 3.Bb5 g6 4.O-O Bg7 5.Bxc6 dxc6 6.d3 Nf6 7.Nbd2 O-O 8.Re1 b6
9.a4 a5 10.Nc4 Be6 11.Bf4 Nh5 12.Be5 f6 13.Bc3 Qc7 14.e5 f5 15.b3 Bd5 16.Bd2 Rfd8
17.Qe2 Bh8 18.Ng5 h6 19.Nh3 Kh7 20.Qe3 Bg7 21.Nf4 Nxf4 22.Qxf4 Rf8 23.h4 Rad8
24.Bc3 h5 25.f3 Bh6  1/2-1/2